| 000 | 00545cam a22002171 4500 | ||
|---|---|---|---|
| 001 | sa 68019336 | ||
| 003 | DLC | ||
| 005 | 20260227112717.0 | ||
| 008 | 890804s1966 ii 000 0 sndr | ||
| 010 | _asa 68019336 | ||
| 035 | _a(OCoLC)20127821 | ||
| 040 |
_aDLC _cWaU _dDLC |
||
| 042 | _apremarc | ||
| 050 | 0 | 0 |
_aDS380.S53 _bD4 |
| 100 | 0 |
_aDeepchandra Tilokchand, _d1909- |
|
| 245 | 1 | 0 | _aSindhī sūnhārā. |
| 260 | _c1966. | ||
| 300 |
_a8, 108 p. _c18 cm. |
||
| 500 | _aIn Sindhi. | ||
| 650 | 0 |
_aSindhi (South Asian people) _vBiography. |
|
| 999 |
_c88860 _d88860 |
||